<?xml version="1.0" encoding="UTF-8"?>
<record
    xmlns:xsi="http://www.w3.org/2001/XMLSchema-instance"
    xsi:schemaLocation="http://www.loc.gov/MARC21/slim http://www.loc.gov/standards/marcxml/schema/MARC21slim.xsd"
    xmlns="http://www.loc.gov/MARC21/slim">

  <leader>01387nam a22002297a 4500</leader>
  <controlfield tag="005">20141216110243.0</controlfield>
  <controlfield tag="008">131216b2007    ck ||||| |||| 00| 0 spa d</controlfield>
  <datafield tag="040" ind1=" " ind2=" ">
    <subfield code="c">CO-BoIH</subfield>
  </datafield>
  <datafield tag="041" ind1=" " ind2=" ">
    <subfield code="a">spa</subfield>
  </datafield>
  <datafield tag="044" ind1=" " ind2=" ">
    <subfield code="a">ck</subfield>
  </datafield>
  <datafield tag="090" ind1=" " ind2=" ">
    <subfield code="a">IAVH</subfield>
    <subfield code="b">00925</subfield>
  </datafield>
  <datafield tag="100" ind1=" " ind2=" ">
    <subfield code="a">Caro Diaz- Angela</subfield>
    <subfield code="9">3371</subfield>
  </datafield>
  <datafield tag="245" ind1=" " ind2=" ">
    <subfield code="a">Incorporaci&#xF3;n de un mayor n&#xFA;mero de usuarios correspondientes a los distintos procesos apoyados desde el proyecto Andes</subfield>
    <subfield code="b">asi como la documentaci&#xF3;n de tales procesos y los datos asociados sobre recursos, usarios, y espacios de uso en el aplicativo; as&#xED; mismo nuevos enlaces con otros usuarios e investigadores que acompa&#xF1;an procesos similares, haciendo capacitaciones y asesor&#xED;as pertinentes.</subfield>
  </datafield>
  <datafield tag="260" ind1=" " ind2=" ">
    <subfield code="a">Bogot&#xE1;</subfield>
    <subfield code="b">Instituto  de Investigaci&#xF3;n de Recursos Biol&#xF3;gicos Alexander von Humboldt</subfield>
    <subfield code="c">2007</subfield>
  </datafield>
  <datafield tag="300" ind1=" " ind2=" ">
    <subfield code="a">90 p.</subfield>
    <subfield code="b">il.</subfield>
    <subfield code="c">28 cm</subfield>
  </datafield>
  <datafield tag="500" ind1=" " ind2=" ">
    <subfield code="a">Informe tecnico contrato N&#xBA; 07-05-58605-0195 ps</subfield>
  </datafield>
  <datafield tag="520" ind1=" " ind2=" ">
    <subfield code="a">Realizar el proceso de acercamiento del sistema de informaci&#xF3;n de usos y saberes locales Yoscua, con grupos locales seleccionados del altiplano cundi-boyancense. mediante el apoyo conceptual para el dise&#xF1;o de un aplicativo amigable, el ajueste de la informaci&#xF3;n disponible, la validaci&#xF3;n del aplicativo con grupos locales.</subfield>
  </datafield>
  <datafield tag="650" ind1=" " ind2=" ">
    <subfield code="a">Artesanias </subfield>
    <subfield code="9">30300</subfield>
  </datafield>
  <datafield tag="650" ind1=" " ind2=" ">
    <subfield code="a">Plantas medicinales</subfield>
    <subfield code="9">30301</subfield>
  </datafield>
  <datafield tag="650" ind1=" " ind2=" ">
    <subfield code="a">Biodiversidad </subfield>
    <subfield code="z">Region andina</subfield>
    <subfield code="9">30302</subfield>
  </datafield>
  <datafield tag="942" ind1=" " ind2=" ">
    <subfield code="2">z</subfield>
    <subfield code="c">INFORME</subfield>
  </datafield>
  <datafield tag="999" ind1=" " ind2=" ">
    <subfield code="c">8056</subfield>
    <subfield code="d">8056</subfield>
  </datafield>
  <datafield tag="952" ind1=" " ind2=" ">
    <subfield code="0">0</subfield>
    <subfield code="1">0</subfield>
    <subfield code="2">z</subfield>
    <subfield code="4">0</subfield>
    <subfield code="7">0</subfield>
    <subfield code="8">HUMBOLDT</subfield>
    <subfield code="I">INV2017</subfield>
    <subfield code="a">Bogota</subfield>
    <subfield code="b">Bogota</subfield>
    <subfield code="d">2013-12-16</subfield>
    <subfield code="l">1</subfield>
    <subfield code="o">IAVH-00925</subfield>
    <subfield code="p">059642</subfield>
    <subfield code="r">2024-08-09 00:00:00</subfield>
    <subfield code="s">2019-08-26</subfield>
    <subfield code="t">Ej.1</subfield>
    <subfield code="w">2013-12-16</subfield>
    <subfield code="x">Dep&#xF3;sito Institucional</subfield>
    <subfield code="y">INFORME</subfield>
  </datafield>
</record>
